|
|
|
|
| LEADER |
00000cam a2200000 7i4500 |
| 001 |
0000046192 |
| 005 |
20150408.0 |
| 008 |
150310 |
| 020 |
|
|
|a 9789833763306
|
| 020 |
|
|
|a 9789833763337 (set)
|
| 090 |
0 |
0 |
|a MOR
|b MAL
|
| 100 |
0 |
|
|a Suraidah Hj.Buderi
|
| 245 |
1 |
0 |
|a Lukisan Yang Indah
|c Suraidah Hj.Buderi
|
| 260 |
|
|
|a Negeri Sembilan :
|b KZ Berjaya Enterprise ,
|c 2008
|
| 490 |
0 |
|
|a Siri Bina Sahsiah
|
| 999 |
|
|
|a 0001093791
|b Book
|c Children Collection
|e Cawangan Segamat
|
| 999 |
|
|
|a 0001093807
|b Book
|c Children Collection
|e Cawangan Taman Sri Lambak
|
| 999 |
|
|
|a 0001093815
|b Book
|c Children Collection
|e Cawangan Bukit Gambir
|
| 999 |
|
|
|a 0001093823
|b Book
|c Children Collection
|e Cawangan Tangkak
|
| 999 |
|
|
|a 0001093839
|b Book
|c Children Collection
|e Cawangan Tmn. Ungku Tun Aminah
|
| 999 |
|
|
|a 0001093847
|b Book
|c Children Collection
|e Cawangan Taman Universiti
|
| 999 |
|
|
|a 0001093863
|b Book
|c Children Collection
|e Cawangan Bandar Tenggara
|
| 999 |
|
|
|a 0001093871
|b Book
|c Children Collection
|e Cawangan Pontian
|
| 999 |
|
|
|a 0001093879
|b Book
|c Children Collection
|e Cawangan Bandar Penawar
|
| 999 |
|
|
|a 0001093895
|b Book
|c Children Collection
|e Cawangan Segamat
|
| 999 |
|
|
|a 0001093903
|b Book
|c Children Collection
|e Cawangan Mersing
|
| 999 |
|
|
|a 0001093911
|b Book
|c Children Collection
|e Cawangan Bukit Gambir
|
| 999 |
|
|
|a 0001093919
|b Book
|c Children Collection
|e Cawangan Taman Sri Lambak
|
| 999 |
|
|
|a 0001093927
|b Book
|c Children Collection
|e Cawangan Tangkak
|
| 999 |
|
|
|a 0001093935
|b Book
|c Children Collection
|e Cawangan Tmn. Ungku Tun Aminah
|
| 999 |
|
|
|a 0001093943
|b Book
|c Children Collection
|e Cawangan Taman Universiti
|
| 999 |
|
|
|a 0001093959
|b Book
|c Children Collection
|e Cawangan Bandar Tenggara
|
| 999 |
|
|
|a 0001093967
|b Book
|c Children Collection
|e Cawangan Pontian
|
| 999 |
|
|
|a 0001093975
|b Book
|c Children Collection
|e Cawangan Kota Tinggi
|
| 999 |
|
|
|a 0001093983
|b Book
|c Children Collection
|e Cawangan Bandar Penawar
|
| 999 |
|
|
|a 0001093991
|b Book
|c Children Collection
|e Cawangan Mersing
|
| 999 |
|
|
|a 0001094007
|b Book
|c Children Collection
|e Cawangan Kota Tinggi
|
| 999 |
|
|
|a 0001094023
|b Book
|c Children Collection
|e Cawangan Bandar Penawar
|
| 999 |
|
|
|a 0001094031
|b Book
|c Children Collection
|e Cawangan Segamat
|
| 999 |
|
|
|a 0001094055
|b Book
|c Children Collection
|e Cawangan Tangkak
|
| 999 |
|
|
|a 0001094071
|b Book
|c Children Collection
|e Cawangan Taman Universiti
|
| 999 |
|
|
|a 0001094095
|b Book
|c Children Collection
|e Cawangan Mersing
|
| 999 |
|
|
|a 0001094103
|b Book
|c Children Collection
|e Cawangan Pontian
|
| 999 |
|
|
|a 0001094119
|b Book
|c Children Collection
|e Cawangan Bandar Penawar
|
| 999 |
|
|
|a 0001094127
|b Book
|c Children Collection
|e Cawangan Tmn. Ungku Tun Aminah
|
| 999 |
|
|
|a 0001094143
|b Book
|c Children Collection
|e Cawangan Pontian
|
| 999 |
|
|
|a 0001094151
|b Book
|c Children Collection
|e Cawangan Mersing
|
| 999 |
|
|
|a 0001094159
|b Book
|c Children Collection
|e Cawangan Pontian
|
| 999 |
|
|
|a 0001094183
|b Book
|c Children Collection
|e Cawangan Tangkak
|
| 999 |
|
|
|a 0001094199
|b Book
|c Children Collection
|e Cawangan Taman Universiti
|
| 999 |
|
|
|a 0001094207
|b Book
|c Children Collection
|e Cawangan Bandar Penawar
|